01182cam a2200277 a 4500001000500000005001700005020001800022020001800040040002300058050002500081082002400106100003300130245006700163250004600230260003400276300004000310500007900350505000700429520023300436521001700669521001700686650004900703650005600752650004300808700005300851249620231212161026.0 a9780545074940 a9780439020084 aDLCcDLCdDLCbeng00aDS135.R73bG773 200900a940.53/18092aB2231 aGross, Elly Berkovitsd1929-10aElly :bmy true story of the Holocaust /cElly Berkovits Gross aFirst Scholastic printing, September 2007 aNew York :bScholastic,c2009 a109 pages :billustrations ;c20 cm a"Originally published in part as Storm against the innocents"--T.p. verso. aP  aRelates how the author was torn from her happy home and sent to Birkenau by the Nazis, describing how she worked long hours and fought for survival before being set free at the end of the war and beginning a new life in America. a730 bLexile aP bRaz-Plus 0aJewszRomaniazSimleul-SilvanieivBiography. 0aHolocaust, Jewish (1939-1945)vPersonal narratives. 0aHolocaust, Jewish (1939-1945)vPoetry.1 aGross, Ellyd1929-tStorm against the innocents.